00367nam a2200109Ia 4500008004100000082000800041100002100049245007000070942000600140952009600146999001500242240331s9999 xx 000 0 und d bFER aFernando, Vijita 0aHer Story :bCase studies on violence- LogosVol.30,No.2 June 1991 cL 001040708LaWERCLbWERCLcSSCd2024-03-31l0o 362.8 FERp664r2024-03-31w2024-03-31yL c2923d2923